[Event "Scarborough CC ch"]
[Site "Toronto CAN"]
[Date "2008.01.31"]
[Round "5"]
[White "Garel, Rick"]
[Black "Armstrong, Robert J"]
[Result "1-0"]
[WhiteElo "1878"]
[BlackElo "1839"]
[PlyCount "69"]
[GameId "2160767910557565"]
[EventDate "2008.01.03"]
[EventType "tourn"]
[EventRounds "9"]
[EventCountry "CAN"]
[SourceTitle "EXT 2011"]
[Source "ChessBase"]
[SourceDate "2011.11.26"]
[SourceVersion "1"]
[SourceVersionDate "2011.11.26"]
[SourceQuality "1"]

1. e4 g6 2. d4 Bg7 3. f4 d6 4. Nf3 Nf6 5. Bd3 O-O 6. O-O c5 7. c3 Qb6 8. e5 Ng4 9. h3 Nh6 10. Nbd2 d5 11. dxc5 Qxc5+ 12. Nd4 Nf5 13. N2b3 Qb6 14. Kh2 Nc6 15. Nxf5 Bxf5 16. Bxf5 gxf5 17. Qxd5 Rad8 18. Qc5 Qc7 19. Nd4 e6 20. Nxc6 bxc6 21. Be3 Rd7 22. Rad1 Rfd8 23. Rxd7 Rxd7 24. Rf3 Kh8 25. c4 Qc8 26. Qa5 Qb8 27. b4 f6 28. exf6 Bxf6 29. a3 Bd4 30. Bxd4+ Rxd4 31. Qc5 Rxf4 32. Rg3 Re4 33. Qe7 Qxg3+ 34. Kxg3 Kg8 35. c5 1-0

[Event "Scarborough CC ch"]
[Site "Toronto CAN"]
[Date "2008.01.31"]
[Round "5"]
[White "Sherman, Joshua"]
[Black "Hall, John2"]
[Result "0-1"]
[WhiteElo "1849"]
[BlackElo "2115"]
[PlyCount "68"]
[GameId "2160767910557566"]
[EventDate "2008.01.03"]
[EventType "tourn"]
[EventRounds "9"]
[EventCountry "CAN"]
[SourceTitle "EXT 2011"]
[Source "ChessBase"]
[SourceDate "2011.11.26"]
[SourceVersion "1"]
[SourceVersionDate "2011.11.26"]
[SourceQuality "1"]

1. e4 e5 2. Nc3 Nf6 3. f4 d5 4. fxe5 Nxe4 5. Nf3 Nc6 6. d3 Nxc3 7. bxc3 d4 8. Bb2 Bg4 9. Be2 Bc5 10. Nxd4 Nxd4 11. cxd4 Bxe2 12. Qxe2 Bxd4 13. c3 Bb6 14. O-O-O Qg5+ 15. Kb1 O-O-O 16. d4 Rhe8 17. Qe4 f6 18. e6 Rd5 19. c4 Qf5 20. Rhe1 Qxe4+ 21. Rxe4 Rf5 22. c5 Ba5 23. d5 c6 24. d6 Kd8 25. Rc1 h5 26. e7+ Kd7 27. g4 hxg4 28. Rxg4 g5 29. h4 gxh4 30. Rxh4 b6 31. Rhc4 Rb8 32. Ka1 Rf2 33. Bd4 Rf4 34. Rd1 Rb7 0-1

[Event "Scarborough CC ch"]
[Site "Toronto CAN"]
[Date "2008.02.07"]
[Round "6"]
[White "Casareno, Erwin"]
[Black "Armstrong, Robert J"]
[Result "1-0"]
[WhiteElo "2371"]
[BlackElo "1839"]
[PlyCount "131"]
[GameId "2160767910557567"]
[EventDate "2008.01.03"]
[EventType "tourn"]
[EventRounds "9"]
[EventCountry "CAN"]
[SourceTitle "EXT 2011"]
[Source "ChessBase"]
[SourceDate "2011.11.26"]
[SourceVersion "1"]
[SourceVersionDate "2011.11.26"]
[SourceQuality "1"]

1. e4 g6 2. d4 Bg7 3. Nc3 d6 4. Be3 Nf6 5. f3 O-O 6. Qd2 c6 7. Bh6 e5 8. Bxg7 Kxg7 9. O-O-O Qa5 10. g4 b5 11. h4 h5 12. g5 Nfd7 13. f4 b4 14. Nb1 exf4 15. Qxf4 Qxa2 16. Qxd6 Qe6 17. Qf4 a5 18. Bh3 Qc4 19. b3 Qb5 20. Nf3 a4 21. Bf1 Qb7 22. Ne5 a3 23. Nd2 Nb6 24. Ndc4 N8d7 25. Nd6 Qa7 26. Be2 a2 27. Kb2 Nxe5 28. Qxe5+ Kg8 29. Ne8 Rxe8 30. Qxe8+ Kg7 31. Qe5+ Kg8 32. Ka1 Be6 33. Qc5 Rb8 34. Qxb4 Nd5 35. Qd2 Nb4 36. c3 Bxb3 37. Rc1 Na6 38. Rhf1 Rd8 39. Rf6 Be6 40. Qd3 Nc5 41. dxc5 Rxd3 42. Bxd3 Qxc5 43. Rf3 Qa3 44. Rff1 Qb3 45. Rfe1 Qb6 46. Re2 Qc7 47. e5 Qa5 48. Ree1 Qa4 49. Re4 Qa3 50. Ree1 Qa4 51. Re4 Qa7 52. Re2 Bg4 53. Rxa2 Qe3 54. Kb2 Qd2+ 55. Bc2 Be6 56. Ra4 Qe2 57. Rd1 Qb5+ 58. Rb4 Qxe5 59. Rd8+ Kg7 60. Rbb8 f5 61. Rb7+ Bf7 62. Bb3 Qe2+ 63. Kc1 Qe1+ 64. Kc2 Qe2+ 65. Rd2 Qe4+ 66. Kb2 1-0

[Event "Scarborough CC ch"]
[Site "Toronto CAN"]
[Date "2008.02.07"]
[Round "6"]
[White "Fan, Yibing"]
[Black "Lamb, Bryan"]
[Result "0-1"]
[Annotator "Armstrong, Robert"]
[WhiteElo "1866"]
[BlackElo "2242"]
[PlyCount "64"]
[GameId "2160767910557568"]
[EventDate "2008.01.03"]
[EventType "tourn"]
[EventRounds "9"]
[EventCountry "CAN"]

1. d4 Nf6 2. c4 b6 3. Nc3 Bb7 4. d5 e5 5. e4 Bb4 6. Bd3 Bxc3+ 7. bxc3 h6 8. Ne2 d6 9. O-O Nbd7 10. Ng3 g6 11. f4 exf4 12. Bxf4 Qe7 13. Qf3 O-O-O 14. Rae1 Rdg8 15. Bc2 Ba6 16. e5 dxe5 17. Bxe5 Nxe5 18. Qxf6 Qc5+ 19. Kh1 Nxc4 20. Qxf7 Nd6 21. Qe6+ Kb8 22. Bxg6 Bxf1 23. Rxf1 Qxc3 24. Bh5 Qc4 25. Bf3 Rxg3 26. hxg3 Qxf1+ 27. Kh2 Re8 28. Qd7 Qa1 29. Qa4 Re1 30. Kh3 Rh1+ 31. Kg4 Qg7+ 32. Kf4 Qg5# 0-1

[Event "Scarborough CC ch"]
[Site "Toronto CAN"]
[Date "2008.02.07"]
[Round "6"]
[White "Ferreira, Alex"]
[Black "Sherman, Joshua"]
[Result "1/2-1/2"]
[WhiteElo "1989"]
[BlackElo "1849"]
[PlyCount "46"]
[GameId "2160767910557569"]
[EventDate "2008.01.03"]
[EventType "tourn"]
[EventRounds "9"]
[EventCountry "CAN"]
[SourceTitle "EXT 2011"]
[Source "ChessBase"]
[SourceDate "2011.11.26"]
[SourceVersion "1"]
[SourceVersionDate "2011.11.26"]
[SourceQuality "1"]

1. Nf3 d5 2. d4 Nf6 3. c4 c6 4. Nc3 e6 5. g3 Nbd7 6. Bg2 Be7 7. O-O O-O 8. Qc2 Re8 9. Bg5 h6 10. Bxf6 Nxf6 11. Rfd1 Bd7 12. c5 Qc7 13. b4 a5 14. a3 b5 15. cxb6 Qxb6 16. Na4 Qb5 17. Bf1 axb4 18. axb4 Qxb4 19. Rdb1 Qd6 20. Ne5 Qc7 21. Nc5 Bxc5 22. Qxc5 Ne4 23. Qc2 f6 1/2-1/2

[Event "Scarborough CC ch"]
[Site "Toronto CAN"]
[Date "2008.02.07"]
[Round "6"]
[White "Hall, John2"]
[Black "Moysoski, Randy"]
[Result "1-0"]
[WhiteElo "2115"]
[BlackElo "1845"]
[PlyCount "100"]
[GameId "2160767910557570"]
[EventDate "2008.01.03"]
[EventType "tourn"]
[EventRounds "9"]
[EventCountry "CAN"]
[SourceTitle "EXT 2011"]
[Source "ChessBase"]
[SourceDate "2011.11.26"]
[SourceVersion "1"]
[SourceVersionDate "2011.11.26"]
[SourceQuality "1"]

1. Nf3 Nf6 2. c4 d6 3. g3 g6 4. Bg2 Bg7 5. Nc3 Nbd7 6. O-O O-O 7. d4 c5 8. d5 Ne8 9. Bg5 h6 10. Bf4 Qb6 11. Qb3 g5 12. Bd2 e5 13. e4 f5 14. exf5 Rxf5 15. Qc2 Ndf6 16. Be3 Bd7 17. Nd2 a6 18. b4 Rc8 19. bxc5 dxc5 20. Rab1 Qc7 21. Nde4 Nxe4 22. Nxe4 Bf8 23. Rb2 b5 24. Rd1 Bd6 25. Qe2 Ng7 26. Bh3 Rff8 27. Bxd7 Qxd7 28. cxb5 axb5 29. Qxb5 Qe7 30. Rdb1 Nf5 31. Qa6 Ra8 32. Qc4 Nd4 33. Rb7 Qd8 34. R7b6 Rf6 35. Nxf6+ Qxf6 36. Bxd4 exd4 37. Qe2 d3 38. Qe6+ Qxe6 39. dxe6 Be5 40. Rc6 Bd4 41. Rc7 d2 42. Kf1 Re8 43. Ke2 Rxe6+ 44. Kxd2 Re8 45. Rcb7 Ra8 46. Kd3 Rd8 47. Kc4 Ra8 48. f4 gxf4 49. gxf4 Rf8 50. f5 Rd8 1-0

[Event "Scarborough CC ch"]
[Site "Toronto CAN"]
[Date "2008.02.14"]
[Round "7"]
[White "Armstrong, Robert J"]
[Black "Yuan, Yuanling"]
[Result "1/2-1/2"]
[WhiteElo "1839"]
[BlackElo "2202"]
[PlyCount "124"]
[GameId "2160767910557571"]
[EventDate "2008.01.03"]
[EventType "tourn"]
[EventRounds "9"]
[EventCountry "CAN"]
[SourceTitle "EXT 2011"]
[Source "ChessBase"]
[SourceDate "2011.11.26"]
[SourceVersion "1"]
[SourceVersionDate "2011.11.26"]
[SourceQuality "1"]

1. d4 Nf6 2. c4 g6 3. Nc3 Bg7 4. e4 d6 5. f3 O-O 6. Be3 Nc6 7. Nge2 a6 8. Qd2 Rb8 9. g4 b5 10. Ng3 bxc4 11. Bxc4 e5 12. d5 Ne7 13. Bh6 Rxb2 14. Qxb2 Bxh6 15. h4 Be3 16. Qe2 Bd4 17. Rc1 c6 18. dxc6 Nxc6 19. Qd2 Na5 20. Bd5 Qb6 21. Qc2 Qb4 22. g5 Nxd5 23. exd5 Be3 24. Rb1 Qf4 25. Nce4 Nb7 26. h5 Nc5 27. hxg6 fxg6 28. Qg2 Nd7 29. Nh5 gxh5 30. Rxh5 Qxf3 31. Qxf3 Rxf3 32. Ke2 Rf4 33. Kxe3 Rf8 34. Nxd6 Rd8 35. Rbh1 Nf8 36. Nxc8 Rxc8 37. Ke4 Re8 38. d6 Ne6 39. Rd1 Nf8 40. d7 Rd8 41. Kxe5 Nxd7+ 42. Kf5 Rf8+ 43. Ke6 Nc5+ 44. Ke7 Rf7+ 45. Kd8 Ne6+ 46. Kc8 Nf8 47. Rd8 Rf2 48. Rh3 Kg7 49. Ra3 Rf5 50. Rxa6 Rxg5 51. Ra7+ Kg8 52. a4 Rf5 53. Rb7 Ra5 54. Rdd7 Nxd7 55. Rxd7 Rxa4 56. Rd1 Rc4+ 57. Kd7 Rg4 58. Ke6 h5 59. Kf5 Rg2 60. Rh1 Rf2+ 61. Kg5 Rd2 62. Rxh5 Rd5+ 1/2-1/2

[Event "Scarborough CC ch"]
[Site "Toronto CAN"]
[Date "2008.02.14"]
[Round "7"]
[White "Lamb, Bryan"]
[Black "Hall, John2"]
[Result "1-0"]
[WhiteElo "2246"]
[BlackElo "2115"]
[PlyCount "103"]
[GameId "2160767910557572"]
[EventDate "2008.01.03"]
[EventType "tourn"]
[EventRounds "9"]
[EventCountry "CAN"]
[SourceTitle "EXT 2011"]
[Source "ChessBase"]
[SourceDate "2011.11.26"]
[SourceVersion "1"]
[SourceVersionDate "2011.11.26"]
[SourceQuality "1"]

1. c4 c5 2. Nc3 Nc6 3. Nf3 Nd4 4. e3 Nxf3+ 5. Qxf3 g6 6. b3 Bg7 7. Bb2 d6 8. O-O-O Rb8 9. d4 cxd4 10. exd4 Nf6 11. h3 O-O 12. Bd3 a6 13. Ne4 Nxe4 14. Qxe4 b5 15. Rhe1 bxc4 16. Bxc4 e6 17. d5 Bxb2+ 18. Kxb2 Qf6+ 19. Qd4 e5 20. Qe3 a5 21. Re2 a4 22. Qa7 Bf5 23. Qxa4 e4+ 24. Kc1 e3 25. Rxe3 Ra8 26. Ba6 Bc8 27. Qd4 Qxd4 28. Rxd4 Bxa6 29. a4 Rfc8+ 30. Kb2 Rc7 31. Rc3 Rac8 32. Rxc7 Rxc7 33. Ka3 Rc2 34. Kb4 Rxf2 35. Ka5 Bf1 36. b4 Rxg2 37. Kb6 Ra2 38. b5 Kf8 39. Kc7 Rc2+ 40. Kxd6 f5 41. Ke6 Bxh3 42. Kf6 Ke8 43. d6 Kd7 44. Rh4 Bg4 45. Rxh7+ Kxd6 46. Kxg6 Kc5 47. Kg5 Ra2 48. Ra7 Bh3 49. Ra6 f4 50. Kxf4 Rb2 51. Ke5 Rb4 52. Rc6# 1-0

[Event "Scarborough CC ch"]
[Site "Toronto CAN"]
[Date "2008.02.14"]
[Round "7"]
[White "Moysoski, Randy"]
[Black "Lamb, Bryan"]
[Result "0-1"]
[WhiteElo "1845"]
[BlackElo "2246"]
[PlyCount "48"]
[GameId "2160767910557573"]
[EventDate "2008.01.03"]
[EventType "tourn"]
[EventRounds "9"]
[EventCountry "CAN"]
[SourceTitle "EXT 2011"]
[Source "ChessBase"]
[SourceDate "2011.11.26"]
[SourceVersion "1"]
[SourceVersionDate "2011.11.26"]
[SourceQuality "1"]

1. e4 c5 2. Nc3 Nc6 3. Nge2 g6 4. d4 cxd4 5. Nxd4 Bg7 6. Be3 d6 7. Bb5 Bd7 8. O-O Nf6 9. f4 Ng4 10. Bxc6 Nxe3 11. Bxd7+ Qxd7 12. Qd3 Nxf1 13. Rxf1 O-O 14. f5 Rac8 15. Rf3 Rc5 16. Nb3 Re5 17. Nd4 a6 18. Rh3 Rc8 19. a3 b5 20. Nce2 d5 21. fxg6 hxg6 22. exd5 Rxd5 23. Rh4 e5 24. a4 exd4 0-1

[Event "Scarborough CC ch"]
[Site "Toronto CAN"]
[Date "2008.02.21"]
[Round "8"]
[White "Casareno, Erwin"]
[Black "Yuan, Yuanling"]
[Result "1-0"]
[WhiteElo "2371"]
[BlackElo "2202"]
[PlyCount "109"]
[GameId "2160767910557574"]
[EventDate "2008.01.03"]
[EventType "tourn"]
[EventRounds "9"]
[EventCountry "CAN"]
[SourceTitle "EXT 2011"]
[Source "ChessBase"]
[SourceDate "2011.11.26"]
[SourceVersion "1"]
[SourceVersionDate "2011.11.26"]
[SourceQuality "1"]

1. e4 c5 2. Nf3 d6 3. d4 cxd4 4. Nxd4 Nf6 5. Nc3 g6 6. Be3 Bg7 7. f3 Nc6 8. Qd2 O-O 9. g4 Bxg4 10. Nxc6 bxc6 11. fxg4 Nxg4 12. Bc4 Nxe3 13. Qxe3 d5 14. exd5 cxd5 15. O-O-O e6 16. Bb3 Qh4 17. Qf3 Rac8 18. Kb1 Qb4 19. Ne2 a5 20. c3 Qb6 21. Rhf1 Rb8 22. Rd2 Rb7 23. Nd4 Rc8 24. Ka1 Rbc7 25. Qf2 Qb7 26. Ba4 Rc4 27. Bb5 Rxd4 28. Rxd4 Qxb5 29. Qxf7+ Kh8 30. a4 Qe2 31. Rdf4 Rb8 32. R4f2 Qc4 33. Qf4 Qb3 34. Qd6 Qxa4+ 35. Kb1 Qe4+ 36. Ka2 Qa4+ 37. Kb1 Qe4+ 38. Ka2 Qa4+ 39. Kb1 Qe8 40. Rf6 Bxf6 41. Rxf6 Rd8 42. Qe5 Kg8 43. Rxe6 Qf7 44. Rf6 Qe8 45. Re6 Qf7 46. Re7 Qf1+ 47. Kc2 Qf2+ 48. Kb1 Qf1+ 49. Ka2 Qc4+ 50. b3 Qe2+ 51. Qxe2 Rf8 52. Qe6+ Kh8 53. Qe5+ Rf6 54. Qxf6+ Kg8 55. Qg7# 1-0

[Event "Scarborough CC ch"]
[Site "Toronto CAN"]
[Date "2008.02.21"]
[Round "8"]
[White "Fan, Yibing"]
[Black "Armstrong, Robert J"]
[Result "1-0"]
[WhiteElo "1866"]
[BlackElo "1839"]
[PlyCount "53"]
[GameId "2160767910557575"]
[EventDate "2008.01.03"]
[EventType "tourn"]
[EventRounds "9"]
[EventCountry "CAN"]
[SourceTitle "EXT 2011"]
[Source "ChessBase"]
[SourceDate "2011.11.26"]
[SourceVersion "1"]
[SourceVersionDate "2011.11.26"]
[SourceQuality "1"]

1. d4 g6 2. c4 Bg7 3. Nc3 Nf6 4. e4 d6 5. Nge2 O-O 6. Ng3 Nc6 7. d5 Ne5 8. Be2 c6 9. O-O h5 10. Bg5 Bg4 11. f3 Bc8 12. h3 Nh7 13. f4 h4 14. Bxh4 Nd7 15. Qd2 cxd5 16. exd5 Bf6 17. Bxf6 Nhxf6 18. f5 Ne5 19. Qh6 Qb6+ 20. Kh1 Qxb2 21. Rf4 gxf5 22. Rh4 Ng6 23. Nh5 Qxa1+ 24. Kh2 Ng4+ 25. hxg4 Qxc3 26. Nf6+ Qxf6 27. Qh7# 1-0

[Event "Scarborough CC ch"]
[Site "Toronto CAN"]
[Date "2008.02.21"]
[Round "8"]
[White "Sherman, Joshua"]
[Black "Moysoski, Randy"]
[Result "1/2-1/2"]
[WhiteElo "1849"]
[BlackElo "1845"]
[PlyCount "99"]
[GameId "2160767910557576"]
[EventDate "2008.01.03"]
[EventType "tourn"]
[EventRounds "9"]
[EventCountry "CAN"]
[SourceTitle "EXT 2011"]
[Source "ChessBase"]
[SourceDate "2011.11.26"]
[SourceVersion "1"]
[SourceVersionDate "2011.11.26"]
[SourceQuality "1"]

1. e4 d5 2. exd5 Nf6 3. d4 Bg4 4. f3 Bf5 5. Bb5+ Nbd7 6. c4 a6 7. Bxd7+ Qxd7 8. Ne2 b5 9. cxb5 Qxb5 10. Nbc3 Qc4 11. b3 Qb4 12. Bd2 Qb7 13. O-O Nxd5 14. Nxd5 Qxd5 15. Bb4 g6 16. Nf4 Qb7 17. Bc5 Bg7 18. Re1 Bf6 19. g4 Bd7 20. Rxe7+ Bxe7 21. Qe2 O-O-O 22. Bxe7 Rde8 23. d5 Qb6+ 24. Kg2 h5 25. g5 h4 26. Rc1 Kb7 27. d6 Qxd6 28. Bxd6 Rxe2+ 29. Nxe2 cxd6 30. Nd4 Re8 31. Kf2 f6 32. gxf6 Rf8 33. Re1 Rxf6 34. Re7 Kc8 35. Rh7 g5 36. Ke3 Rg6 37. Ke4 h3 38. Kd5 g4 39. fxg4 Kc7 40. Rxh3 Rxg4 41. Ne6+ Bxe6+ 42. Kxe6 Rg6+ 43. Kd5 Rg5+ 44. Kd4 Kc6 45. Rc3+ Kb6 46. Rc1 Rh5 47. Rh1 Kb5 48. a3 Rh3 49. Kd5 Rd3+ 50. Ke6 1/2-1/2

[Event "Scarborough CC ch"]
[Site "Toronto CAN"]
[Date "2008.02.28"]
[Round "9"]
[White "Armstrong, Robert J"]
[Black "Hall, John2"]
[Result "0-1"]
[WhiteElo "1839"]
[BlackElo "2115"]
[PlyCount "68"]
[GameId "2160767910557577"]
[EventDate "2008.01.03"]
[EventType "tourn"]
[EventRounds "9"]
[EventCountry "CAN"]
[SourceTitle "EXT 2011"]
[Source "ChessBase"]
[SourceDate "2011.11.26"]
[SourceVersion "1"]
[SourceVersionDate "2011.11.26"]
[SourceQuality "1"]

1. d4 g6 2. c4 c5 3. d5 f5 4. Nc3 Bg7 5. Bg5 Bxc3+ 6. bxc3 Qa5 7. Qc2 d6 8. Nh3 Nf6 9. Bxf6 exf6 10. e3 Nd7 11. Bd3 Nb6 12. O-O Bd7 13. Nf4 O-O-O 14. Ne2 Ba4 15. Qd2 Qa6 16. e4 fxe4 17. Bxe4 Qxc4 18. Bf3 g5 19. g3 h5 20. Bg2 h4 21. f4 hxg3 22. hxg3 Rde8 23. Rfe1 Re7 24. fxg5 fxg5 25. Nc1 Rxe1+ 26. Qxe1 Re8 27. Qd2 Qg4 28. Qf2 Qd1+ 29. Kh2 Rh8+ 30. Bh3+ g4 31. Kg2 Qxd5+ 32. Kg1 Rxh3 33. Qg2 Qd1+ 34. Kf2 Bc6 0-1

[Event "Scarborough CC ch"]
[Site "Toronto CAN"]
[Date "2008.02.28"]
[Round "9"]
[White "Lamb, Bryan"]
[Black "Sherman, Joshua"]
[Result "1-0"]
[WhiteElo "2246"]
[BlackElo "1849"]
[PlyCount "37"]
[GameId "2160767910557578"]
[EventDate "2008.01.03"]
[EventType "tourn"]
[EventRounds "9"]
[EventCountry "CAN"]
[SourceTitle "EXT 2011"]
[Source "ChessBase"]
[SourceDate "2011.11.26"]
[SourceVersion "1"]
[SourceVersionDate "2011.11.26"]
[SourceQuality "1"]

1. c4 f5 2. g3 Nf6 3. d4 g6 4. Nc3 Bg7 5. Bg2 O-O 6. Nh3 d6 7. d5 c5 8. O-O Na6 9. Nf4 Nc7 10. h4 Qe8 11. a4 a6 12. a5 Rb8 13. Na4 Kh8 14. Rb1 Ng4 15. Nb6 Ne5 16. b4 cxb4 17. Rxb4 Qf7 18. Be3 Ng4 19. Bd4 1-0

[Event "Scarborough CC ch"]
[Site "Toronto CAN"]
[Date "2008.02.28"]
[Round "9"]
[White "Moysoski, Randy"]
[Black "Casareno, Erwin"]
[Result "1/2-1/2"]
[WhiteElo "1845"]
[BlackElo "2371"]
[PlyCount "184"]
[GameId "2160767910557579"]
[EventDate "2008.01.03"]
[EventType "tourn"]
[EventRounds "9"]
[EventCountry "CAN"]
[SourceTitle "EXT 2011"]
[Source "ChessBase"]
[SourceDate "2011.11.26"]
[SourceVersion "1"]
[SourceVersionDate "2011.11.26"]
[SourceQuality "1"]

1. e4 c5 2. Nc3 e6 3. Nge2 Nc6 4. d4 cxd4 5. Nxd4 a6 6. Be3 Bb4 7. Nxc6 bxc6 8. Qd4 Bf8 9. f4 d5 10. exd5 cxd5 11. f5 Nf6 12. fxe6 fxe6 13. Bd3 Be7 14. O-O Rb8 15. Rf3 Rb4 16. Qa7 Qd7 17. Qxd7+ Kxd7 18. Nd1 e5 19. Bd2 Rb8 20. Rg3 e4 21. Be2 Bc5+ 22. Kh1 g6 23. Rb3 Rb6 24. Nc3 Rc6 25. Bg5 Rf8 26. Rf1 Bd4 27. Nxd5 Rxc2 28. Nxf6+ Bxf6 29. Bd1 Rc6 30. Re3 Bxg5 31. Rxf8 Bxe3 32. Bg4+ Kd6 33. Rxc8 Rb6 34. Rc2 Ke5 35. g3 Kd4 36. Be2 Bh6 37. Kg2 Ke3 38. Bc4 Bg7 39. b3 Be5 40. a4 a5 41. Bb5 Rf6 42. Rc4 Rf2+ 43. Kh3 h5 44. Bc6 Bd4 45. Be8 Rf6 46. Kh4 Re6 47. Bf7 Rf6 48. Be8 Re6 49. Rc8 Bf6+ 50. Kh3 Kd2 51. Bxg6 e3 52. Bxh5 e2 53. Bxe2 Kxe2 54. Rc5 Ra6 55. Kg4 Bd4 56. Rd5 Ke3 57. Rb5 Ke4 58. h4 Bc3 59. Kh5 Bd2 60. Kg4 Rg6+ 61. Kh3 Be1 62. g4 Rc6 63. g5 Kf4 64. h5 Rc2 65. Rb6 Kxg5 66. h6 Rc7 67. Re6 Bc3 68. Kg2 Rh7 69. Kf3 Rxh6 70. Rc6 Rh3+ 71. Ke4 Bb4 72. Rc8 Rxb3 73. Rg8+ Kf6 74. Kd5 Ra3 75. Ra8 Rxa4 76. Ra6+ Kf5 77. Kc4 Ke4 78. Re6+ Kf5 79. Re8 Kf6 80. Kb5 Ra1 81. Re2 Bd6 82. Kc6 Be5 83. Kd5 a4 84. Rf2+ Kg5 85. Kxe5 a3 86. Rg2+ Kh4 87. Kf4 Rf1+ 88. Ke3 Kh3 89. Ra2 Rg1 90. Kd4 Rg3 91. Ke4 Kg4 92. Kd4 Kf4 1/2-1/2

[Event "Scarborough CC ch reserves"]
[Site "Toronto CAN"]
[Date "2008.01.03"]
[Round "1"]
[White "Bellomo, Joe"]
[Black "Wu, Kevin"]
[Result "1/2-1/2"]
[WhiteElo "1723"]
[BlackElo "1517"]
[PlyCount "117"]
[GameId "2160767910557580"]
[EventDate "2008.01.03"]
[EventType "swiss"]
[EventRounds "10"]
[EventCountry "CAN"]
[SourceTitle "EXT 2011"]
[Source "ChessBase"]
[SourceDate "2011.11.26"]
[SourceVersion "1"]
[SourceVersionDate "2011.11.26"]
[SourceQuality "1"]

1. e4 c5 2. Nf3 d6 3. d4 cxd4 4. Nxd4 Nf6 5. Nc3 g6 6. Be2 Bg7 7. O-O O-O 8. Be3 Bd7 9. Kh1 Nc6 10. f4 a6 11. f5 Ne5 12. fxg6 fxg6 13. Nf3 Nfg4 14. Bg1 Nxf3 15. Bxf3 Ne5 16. a4 Nxf3 17. Rxf3 Bc6 18. Rxf8+ Qxf8 19. Bd4 Qf7 20. Bxg7 Qxg7 21. Qg4 Rf8 22. Qe6+ Qf7 23. Qxf7+ Rxf7 24. Kg1 Rf4 25. Re1 Kf7 26. g3 Rg4 27. Kg2 Rg5 28. Kf3 d5 29. h4 dxe4+ 30. Nxe4 Rf5+ 31. Ke3 Bxa4 32. b3 Bc6 33. Ng5+ Kg7 34. Kd4 Rd5+ 35. Kc3 Rd7 36. Rf1 Bd5 37. Rf2 h6 38. Nf3 Bxf3 39. Rxf3 Rd6 40. b4 Rf6 41. Rd3 Rd6 42. Rf3 e5 43. Kb3 e4 44. Re3 Re6 45. c4 Kf6 46. Kc3 Kf5 47. c5 Re7 48. Kc4 Rd7 49. Kc3 Rd3+ 50. Rxd3 exd3 51. Kxd3 Kg4 52. Kd4 Kxg3 53. Kd5 Kxh4 54. Kd6 g5 55. Kc7 g4 56. Kxb7 g3 57. c6 g2 58. c7 g1=Q 59. c8=Q 1/2-1/2

[Event "Scarborough CC ch reserves"]
[Site "Toronto CAN"]
[Date "2008.01.03"]
[Round "1"]
[White "Farrant, David"]
[Black "Moran-Venegas, Mario"]
[Result "1/2-1/2"]
[WhiteElo "1476"]
[BlackElo "1723"]
[PlyCount "94"]
[GameId "2160767910557581"]
[EventDate "2008.01.03"]
[EventType "swiss"]
[EventRounds "10"]
[EventCountry "CAN"]
[SourceTitle "EXT 2011"]
[Source "ChessBase"]
[SourceDate "2011.11.26"]
[SourceVersion "1"]
[SourceVersionDate "2011.11.26"]
[SourceQuality "1"]

1. e4 e5 2. Nf3 Nc6 3. d4 exd4 4. Nxd4 Bc5 5. Be3 Nxd4 6. Bxd4 Qe7 7. Nc3 Nf6 8. Qd3 c6 9. O-O-O O-O 10. g3 b5 11. Bg2 a5 12. e5 Ng4 13. f4 Rb8 14. Ne4 Bxd4 15. Qxd4 Qb4 16. Qxb4 axb4 17. Rd4 Ne3 18. Bf3 Nd5 19. Nc5 Ra8 20. Bxd5 cxd5 21. Kb1 f6 22. exf6 Rxf6 23. Rxb4 d6 24. Nb3 Bd7 25. Rd1 Re6 26. Nd4 Re4 27. c3 Kf7 28. Nc2 Re2 29. Rbd4 Rxh2 30. Nb4 Bf5+ 31. Ka1 Rg2 32. Rxd5 Bg4 33. Re1 Re8 34. Rf1 Ree2 35. b3 Rxg3 36. Rxd6 Rxc3 37. Nd3 Rcc2 38. Ne5+ Ke7 39. Ra6 Bf5 40. Nc6+ Rxc6 41. Rxc6 h5 42. Rc5 Kf6 43. Rxb5 h4 44. Rb8 h3 45. Rf8+ Kg6 46. Rh8 Bg4 47. Rh1 Kf5 1/2-1/2

[Event "Scarborough CC ch reserves"]
[Site "Toronto CAN"]
[Date "2008.01.03"]
[Round "1"]
[White "Gillis, Doug"]
[Black "Mesiti, Silvano"]
[Result "0-1"]
[WhiteElo "1536"]
[BlackElo "1742"]
[PlyCount "40"]
[GameId "2160767910557582"]
[EventDate "2008.01.03"]
[EventType "swiss"]
[EventRounds "10"]
[EventCountry "CAN"]
[SourceTitle "EXT 2011"]
[Source "ChessBase"]
[SourceDate "2011.11.26"]
[SourceVersion "1"]
[SourceVersionDate "2011.11.26"]
[SourceQuality "1"]

1. e4 e5 2. Nf3 d6 3. d4 exd4 4. Qxd4 Nc6 5. Bb5 Bd7 6. Bxc6 Bxc6 7. Nc3 Nf6 8. Bg5 Be7 9. O-O-O O-O 10. e5 dxe5 11. Qh4 Qe8 12. Nxe5 h6 13. Bxh6 gxh6 14. Qxh6 Nh7 15. f4 Bd6 16. Rd3 Bxe5 17. Rg3+ Kh8 18. Rh3 Bxf4+ 19. Qxf4 f6 20. Kb1 Qe5 0-1

[Event "Scarborough CC ch reserves"]
[Site "Toronto CAN"]
[Date "2008.01.03"]
[Round "1"]
[White "Kurkowski, Ken"]
[Black "Azmitia, Gabriel"]
[Result "0-1"]
[WhiteElo "1644"]
[BlackElo "1541"]
[PlyCount "72"]
[GameId "2160767910557583"]
[EventDate "2008.01.03"]
[EventType "swiss"]
[EventRounds "10"]
[EventCountry "CAN"]
[SourceTitle "EXT 2011"]
[Source "ChessBase"]
[SourceDate "2011.11.26"]
[SourceVersion "1"]
[SourceVersionDate "2011.11.26"]
[SourceQuality "1"]

1. e4 e5 2. Nf3 Nc6 3. Bb5 a6 4. Ba4 Nf6 5. Qe2 Bc5 6. c3 O-O 7. O-O d6 8. Rd1 Bg4 9. h3 Bh5 10. Bxc6 bxc6 11. d4 exd4 12. cxd4 Bb6 13. Nc3 Re8 14. Bg5 h6 15. Bh4 g5 16. Bg3 Re6 17. Qc4 Qe8 18. Re1 Nxe4 19. d5 cxd5 20. Nxd5 Nxg3 21. Nxb6 cxb6 22. fxg3 b5 23. Qd5 Bxf3 24. Qd2 Be4 25. Rad1 d5 26. Qd4 Rc8 27. Rd2 Rc4 28. Qa7 Rc2 29. Rxc2 Bxc2 30. Rxe6 Qxe6 31. Qb8+ Kg7 32. h4 d4 33. hxg5 hxg5 34. Qd8 Qf6 35. Qd5 d3 36. Qc5 Kg6 0-1

[Event "Scarborough CC ch reserves"]
[Site "Toronto CAN"]
[Date "2008.01.03"]
[Round "1"]
[White "Muir, Tom"]
[Black "Ben Avraham, Mark"]
[Result "1-0"]
[WhiteElo "1685"]
[BlackElo "1460"]
[PlyCount "53"]
[GameId "2160767910557584"]
[EventDate "2008.01.03"]
[EventType "swiss"]
[EventRounds "10"]
[EventCountry "CAN"]
[SourceTitle "EXT 2011"]
[Source "ChessBase"]
[SourceDate "2011.11.26"]
[SourceVersion "1"]
[SourceVersionDate "2011.11.26"]
[SourceQuality "1"]

1. d4 d5 2. c4 e6 3. Nc3 Nf6 4. cxd5 exd5 5. e3 Bf5 6. Nf3 Be7 7. Be2 O-O 8. O-O c5 9. dxc5 Bxc5 10. Qb3 Qb6 11. Nxd5 Qxb3 12. Nxf6+ gxf6 13. axb3 Nc6 14. Bd2 Bb4 15. Bc3 Kg7 16. Ra4 a5 17. Bc4 Rab8 18. Raa1 b5 19. Bd5 Ne7 20. Bxb4 axb4 21. Nd4 Nxd5 22. Nxf5+ Kg6 23. Nd4 Rfc8 24. Rfc1 Rc7 25. Rxc7 Nxc7 26. Nc6 Rc8 27. Ne7+ 1-0